000 00368pab a2200145 454500
008 180718b2001 xxu||||| |||| 00| 0 eng d
100 _aRobson, Arthur J.
245 _aThe biological basis of economic behavior
260 _c2001
300 _ap.11-33
362 _aMar
650 _aEconomic behaviour
773 _aJournal of Economic Literature
909 _a48248
999 _c48248
_d48248